Letný výcvikový tábor talentovanej mládeže - Malý Lapáš 21. - 28. 8. 2011

Bibliographic Details
Main Author: Soldán, Denis (Author)
Format: Article
Language:Slovak
PhysicalDescription:Fotogr.
ISSN:1335-9282
Subjects:
Online Access:www.dogsk.sk

MARC

LEADER 00000nab a2200000 a 4500
001 vtls010339125
003 SK-MaSNL
005 20260303093445.0
008 120202c201109 xo r p 000 00slo
015 |a SNBRB2012/02SVKPO 
038 |a SVKPOCL 
040 |a SVKPOCL  |b slo  |c SVKPOCL  |e AACR2 
041 |a slo 
044 |a xo  |c SK 
080 |a 636.7:798.8.012.21  |2 2001 
080 |a 636.7-053.81  |2 2001 
080 |a 798.8.012.21  |2 2001 
100 1 |a Soldán, Denis  |4 aut  |9 1104643 
245 1 0 |a Letný výcvikový tábor talentovanej mládeže - Malý Lapáš 21. - 28. 8. 2011  |c Denis Soldán 
300 |a Fotogr. 
611 2 7 |a Letný výcvikový tábor talentovanej mládeže  |n (12. :  |d 2011 :  |c Malý Lapáš, Slovensko)  |2 svkpocl  |9 1104644 
648 7 |a 21.-28.8.2011  |2 svkpocl  |9 1104645 
650 0 7 |a športová kynológia  |2 svkpocl  |9 79322 
650 0 7 |a mladí kynológovia  |2 svkpocl  |9 1104646 
650 0 7 |a výcvik psov  |2 svkpocl  |9 31157 
651 7 |a Malý Lapáš (Slovensko)  |2 snkbucl  |9 126131 
773 0 |t Kynologická revue  |g Roč. XXII, č. 9 (2011), s. 40-41  |x 1335-9282 
852 |a SVKPO  |b KIS3GCP 
856 4 1 |u www.dogsk.sk 
958 |a NB 
958 |a SK 
999 |c 1815696  |d 1817626